| 000 | 02130nam a22002777a 4500 | ||
|---|---|---|---|
| 005 | 20250421142708.0 | ||
| 008 | 240208b |||||||| |||| 00| 0 eng d | ||
| 020 | _a9788499080314 | ||
| 037 | _3Donación | ||
| 040 |
_aCO-JMCR _cCO-JMCR _dCO-JMCR _erda |
||
| 082 |
_aA-N _bPAMe 3a. ed. Ej.1 |
||
| 100 |
_eautor _aPamuk, Orhan _943236 |
||
| 245 |
_aEstambul: _bCiudades y recuerdos/ _cOrhan Pamuk |
||
| 246 |
_aInstanbul: _bHatiralar ve sehir |
||
| 250 | _aTercera edición | ||
| 260 |
_aBarcelona _bDebolsillo _c2010 |
||
| 300 |
_a437 páginas _bFotografías a blanco y negro _c19 cm |
||
| 500 | _aIncluye indice de las fotografías | ||
| 500 | _aIncluye indice onomástico | ||
| 505 | _aEL otro Orhan -- Fotografías de la oscura casa-museo -- Yo -- La amargura de las mansiones derruidas de los bajás: el descubrimiento de las calles | ||
| 520 | _a"Orhan Pamuk cuenta su vida hasta los veinte años, en que decidió abandonar sus estudios de arquitectura para dedicarse a escribir. Habla de su infancia, vivida sobre todo en interiores. Un doble interior: su vida interior en la casa familiar; aunque también vivida los domingos en la calle, junto al Bósforo, paseando en el Ford Taurus de su padre. Habla de su adolescencia, en la que comienza su vida de flâneur, de solitario caminante por las calles entonces vacías de Estambul, y también su vida de fotógrafo, de mirón, de contador de barcos, de culposo inventor de aventuras sexuales, de lector obsesivo. En el libro no se eluden las cuestiones histórico-políticas, y Orhan Pamuk habla de los golpes militares que acontecían; y habla también de la religión, del islam político, que tiene mucho menos que ver con ella de lo que habitualmente se cree; y también habla de los conflictos lingüísticos: cómo han desaparecido de Estambul las lenguas que tradicionalmente se hablaban y cómo se impide en Turquía que las minorías puedan expresarse en su lengua" | ||
| 650 |
_2JMCR _aLiterarura turca _xBiografías _943286 |
||
| 651 |
_aEstambul (Turquia) _xViajes y costumbres _943287 |
||
| 700 |
_aCarpintero, Rafael _eTraductor _943288 |
||
| 942 |
_2ddc _cBK |
||
| 999 |
_c30534 _d16918 |
||